000 00903nam0a22002531 4500
001 v19\rc\1394555
005 20260407142412.0
035 _a(NLR Aleph) 005222108
090 _a5515936
_c5515936
100 _a20060512d1869 |||y0rusy50 ca
101 0 _arus
102 _aRU
105 _ay z |||||
200 1 _aИнструкция для обер-кондукторов, тормозных кондукторов и багажных артельщиков
_fШуйско-Ивановская ж. д.
210 _aМосква
_d1869
215 _a14 с.
710 0 2 _aШуйско-Ивановская железная дорога
_3RU\NLR\AUTH\8810085557
_9673049
801 0 _aRU
_bNLR
_c20060512
_gpsbo
801 0 _aRU
_bRuMoRGB
_c20060512
_2psbo
801 1 _aRU
_bProSoft-M
_c20060512
_2rusmarc
801 2 _aRU
_bNLR
_c20110818
_2rusmarc
852 _aNLR
_j18.125.6.324
942 _cBOOK
980 _aNB